000 00634nam a2200253Ia 4500
003 OSt
005 20220912151939.0
006 a|||||r|||| 00| 0
007 ta
008 220909b |||||||| |||| 00| 0 eng d
024 _a64228
037 _cTextual
040 _aCSL
_beng
_cCSL
041 _aeng
082 _aL:4:3, C7 CS
100 _aFenwick Samuel
245 0 _aMedical diagnosis
260 _c1897
300 _ap.
_ccm.
650 _aMedicine
700 _a Fenwick W Soltan
942 _hL:4:3, C7 CS
_cTEXL
_2CC
999 _c77694
_d77694